000 00972nam a22001697a 4500
003 OSt
008 230506b |||||||| |||| 00| 0 eng d
041 _aMAL
082 _a894.812 3
_bAMB/EN
100 _aഅംബികാസുതൻ മാങ്ങാട്‌
_aAmbikasuthan mangad
_95424
245 _aഎൻമകജെ
_bEnmakaje
250 _a24
260 _aKottayam
_bDCBOOKS
_c2022
300 _a200
520 _aജനകീയാരോഗ്യ-രാഷ്ട്രീയപ്രസ്ഥാനങ്ങളുടെ ഇടപെടലുകളിലൂ ടെയും എന്‍ഡോസള്‍ഫാന്‍ വിഷവര്‍ഷം നിര്‍ത്തിയെ ന്നിലും ഇനിയും ഉണ്ടാകാത്ത നമ്മുടെ പാരിസ്ഥി തിക ജാഗ്രതയ്ക്കുവേണ്ടിയുള്ള ഒരു നിലവിളിയാണ് ഈ കൃതി.
942 _cBK
999 _c17663
_d17663